| 000 | 01154 a2200253 4500 | ||
|---|---|---|---|
| 001 | 29271 | ||
| 005 | 20260407155601.0 | ||
| 008 | 260407a1988 arg spa d | ||
| 003 | AR-UNSa-BCEJYS | ||
| 040 |
_aAR-UNSa-BCEJYS _bspa _cAR-UNSa-BCEJYS |
||
| 080 |
_a340 _xDerecho. Generalidades. Propedéutica. Métodos y ciencias auxiliares del derecho |
||
| 245 | 1 | 0 |
_aIntroducción al derecho _pConocimiento y conocimiento cientifíco. Historia de las ideas jurídicas. Teoría general del derecho. Teoría general aplicada |
| 020 | _a950-20-0502-3 | ||
| 250 | _a12a. ed. | ||
| 264 | 1 |
_aBuenos Aires : _bAbeledo Perrot _c1988 |
|
| 300 |
_a1170 p. _c23 cm. |
||
| 505 | _a1. Enfoque existencial: el conocimiento en la vida cotidiana - 2. Enfoque biològico: el conocimiento innato y la adquisición primaria del conocimiento - 3. Cultura, lenguaje y conocimiento - 4. Comienzo de la tradición científico-filosofica en nuestra cultura - 5. Lenguaje y lenguaje científico - 6. | ||
| 041 | _aspa | ||
| 942 | _cBK | ||
| 590 | _aniveau_biblio:m niveau_hierar:0 | ||
| 100 | 1 | _aAftalion, Enrique R. | |
| 700 | 1 | _aRaffo, Julio | |
| 700 | 1 | _aVilanova, José | |
| 999 |
_c1823 _d1823 |
||